000 00605nam a2200229Ia 4500
008 160901s9999 xx 000 0 und d
020 _a978-0-07-226470-8
050 _aComSc ML 74.4
050 _b.I48D35 2007
100 _aDavis, Guy Hart -
245 _aDo-it yourself iPod projects :
245 _b23 cool things didn't know you could do! /
245 _cGuy Hart-Davis.
260 _aNew York :
260 _bMcGraw-Hill.,
260 _c2007
300 _a290 pages :
300 _bill. ;
300 _c28 cm.
500 _aIncludes index.
650 _aiPod (Digital music player).
999 _c300955
_d300955